ბათუმის შოთა რუსთაველის სახელმწიფო უნივერსიტეტის ბიბლიოთეკა

რჩეული ფილოსოფიური თხზულებანი : (ბიბ.ჩანაწერი № 37902)

000 -ლიდერი
ფიქსირებული სიგრძის საკონტროლო ველი 01218nam a2200253Ia 4500
001 - საკონტროლო ნომერი
საკონტროლო ველი 3880
003 - საკონტროლო ნომრის იდენტიფიკატორი
საკონტროლო ველი GE_BSU
005 - ბოლო ოპერაციის თარიღი და დრო
საკონტროლო ველი 20190819162042.0
008 - ფიქსირებული სიგრძის მონაცემთა ელემენტები - ზოგადი ინფორმაცია
ფიქსირებული სიგრძის საკონტროლო ველი 181216s1978||||ge |||||||||||||| ||geo||
040 ## - კატალოგიზაციის წყარო
Transcribing agency GE_BSU
041 ## - ენის კოდი
Language code of text/sound track or separate title geo
080 ## - უნივერსალური ათობითი კლასიფიკაციის ინდექსი
Universal Decimal Classification number 1(09)+1 გ–59
100 ## - მთავარი ჩანაწერი - პიროვნების სახელი
Personal name გოგიბერიძე, მოსე
9 (RLIN) 3633
245 ## - ცნობა სათაურის შესახებ
Title რჩეული ფილოსოფიური თხზულებანი :
Remainder of title 3 ტომად. ტ.4 : რუსთაველი. პეტრიწი. პრელუდიები /
Statement of responsibility, etc შეადგინა იოსებ მეგრელიძემ, რედ.გ. თევზაძე.
264 ## - წარმოების, გამოცემის, დისტრიბუციის და სხვა ცნობები
გამოცემის, წარმოების, დისტრიბუციის... ადგილი თბ. :
გამოცემის, წარმოების, დისტრიბუციის... სახელწოდება თბილ. უნ-ტის გამ-ბა,
გამოცემის, წარმოების, დისტრიბუციის... თარიღი 1978.
300 ## - ფიზიკური აღწერა
Extent 360 გვ. ;
Other physical details 22სმ.
504 ## - BIBLIOGRAPHY, ETC. NOTE
Bibliography, etc ბიბლიოგრ. ტექსტის შენიშვნ.
653 ## - INDEX TERM--UNCONTROLLED
Uncontrolled term ფილოსოფია;
653 ## - INDEX TERM--UNCONTROLLED
Uncontrolled term იოანე პეტრიწი
653 ## - INDEX TERM--UNCONTROLLED
Uncontrolled term რუსთაველი შოთა
700 ## - ADDED ENTRY--PERSONAL NAME
Personal name მეგრელიძე, იოსებ
Relator term შემდგენელი
9 (RLIN) 114
700 ## - ADDED ENTRY--PERSONAL NAME
Personal name თევზაძე, გ.
Relator term რედაქტორი
9 (RLIN) 3674
942 ## - ADDED ENTRY ELEMENTS (KOHA)
Koha item type წიგნი
Source of classification or shelving scheme
ეგზემპლარები
ჩამოწერის სტატუსი დაკარგული ეგზემპლარის სტატუსი კლასიფიკაციის წყარო ან თაროზე გაწყობის სქემა დაზიანების სტატუსი არ გაიცემა მუდმივი მდებარეობა (დაცვის ადგილი) ამჟამინდელი ადგილსამყოფელი თაროზე განთავსების ადგილი შეძენის თარიღი ღირებულება, შესყიდვის ნორმალური ფასი სრული შენახვის შიფრი შტრიხკოდი ბოლო ოპერაციის თარიღი ეგზემპლარის მიმდევრობითი ნომერი (კეტერი?) ფასის ძალაში შესვლის თარიღი ეგზემპლარის სახეობა საჯარო შენიშვნა
          ბათუმის შოთა რუსთაველის სახელმწიფო უნივერსიტეტის მთავარი ბიბლიოთეკა ბათუმის შოთა რუსთაველის სახელმწიფო უნივერსიტეტის მთავარი ბიბლიოთეკა წიგნსაცავი 2018-12-17 10.00 1(09)+1 გ–59 5452 2018-12-17 5452 2018-12-17 წიგნი 10 ლ.
          ბათუმის შოთა რუსთაველის სახელმწიფო უნივერსიტეტის მთავარი ბიბლიოთეკა ბათუმის შოთა რუსთაველის სახელმწიფო უნივერსიტეტის მთავარი ბიბლიოთეკა წიგნსაცავი 2022-10-07 4.96 1(09)+1 გ–59 28636 2022-10-07 28636 2022-10-07 წიგნი 4 ლ. 96 თ.